=LDR 00000nam 2200000 4500 =001 NUTBA000000000003829 =005 20140828085947.0 =006 =007 =008 =020 ##$$a 978-602-96398-2-7 =035 ##$$a 0010-081400000000674 =040 ##$$a NBPDMAT =082 ##$$a 618.2 =084 ##$$a 618.2 Rin s =090 ##$$a 618.2 Rin s =100 ##$$a Rina Verina Cho =245 ##$$a 1001 Tips agar Cepat Hamil Berdasarkan Golongan darah AB & O / $c Rina Verina Cho; editor Vivian =260 ##$$a Yogyakarta : $b Shopia Timur Publisher, $c 2011 =300 ##$$a Jil : $b ilus. ; $c 18 cm. =500 ##$$a Bibliografi : hlm. 141 =650 ##$$a HAMIL =990 ##$$a 21408537 =990 ##$$a 0001/BPAP-NTB/20142014